| 000 | 00574cam a2200169 4500 | ||
|---|---|---|---|
| 001 | WB3524-18 | ||
| 008 | 000000n 000 0 eng u | ||
| 035 | _a(Sirsi) u101965 | ||
| 245 | _aLondon's business park potential. | ||
| 490 |
_aEstates Gazette _v(9924) 19 June 1999, 42(1) |
||
| 520 | _aThe London Planning Advisory Committee has suggested that parking regulations should be loosened to allow business park development in greater London. | ||
| 650 | _aLONDON | ||
| 650 | _aLPAC | ||
| 650 | _aBUSINESS PARKS | ||
| 690 | _aPROPERTY-PROPERTY DEVELOPMENT | ||
| 942 | _n0 | ||
| 999 |
_c61059 _d61059 |
||